| 000 | 01061cam a22003137a 4500 | ||
|---|---|---|---|
| 003 | CHAP | ||
| 005 | 20220329134337.0 | ||
| 008 | 971013s1974 r 00010 d | ||
| 010 | _a19060 | ||
| 011 | _a20032 | ||
| 035 | _a24119 | ||
| 040 | _cCHAP | ||
| 082 |
_a595.752 _bA5 |
||
| 100 | 0 | 0 |
_aAlzate Corpus-Raros, Leonila. _95047 |
| 245 | 1 | 2 | _aA revision of north American Capitophorus Van der Goot and Pleotrichophorus Borner (Homoptera: Aphididae) |
| 260 |
_aWashington : _bSmithsonian Institution, _c1974 |
||
| 300 |
_a143 p. _b: ilus |
||
| 490 | 0 |
_aSmithsonian contributions to zoology _v; 156 |
|
| 590 |
_aBATCH-UPD _b10 _c20130110 _lUCH01 _h0132 |
||
| 590 |
_aBATCH-UPD _b10 _c20130110 _lUCH01 _h2026 |
||
| 590 |
_aCONVERSION _b10 _c20130109 _lUCH01 _h1312 |
||
| 650 | 1 | 4 |
_aCapitophorus. _918713 |
| 650 | 1 | 4 |
_aPleotrichophorus. _989169 |
| 700 | 0 |
_aCook, Edwin F. _927690 |
|
| 830 | 0 |
_aSmithsonian contributions to zoology _v; 156 _9107173 |
|
| 901 | _aBK | ||
| 942 | _cLIBRO | ||
| 949 |
_a595.752 A5 _bBC _cLIBRO _d33724000370011 _eLIBRO _h35406 _i24119 _mD _si |
||
| 999 |
_c19060 _d19060 |
||